000 00268nam a22001217a 4500
082 _a330.1 GEE
100 _aGREEN, Francis.
245 _aEconomics, an anti-text
260 _aLondon.
_c1977
300 _axii,215p.
_bIll., 18cm.
500 _aReferences
942 _cBK
999 _c20573
_d20573